000 00370nam a2200145Ia 4500
999 _c15463
_d15463
082 _aRN.0072
100 _aNarang, A.S.
245 0 _aIndian society at the turn of century
260 _c0
_bICSSR, New Delhi
300 _a187p.
650 _aSOCIAL CHANGE
650 _aCHANGE, SOCIAL//SOCIAL CHANGE
650 _aSOCIAL EVOLUTION///SOCIAL CHANGE
942 _cRP
_2ddc